000 00638nam a2200193Ia 4500
003 GCL
008 140319s9999 xx 000 0 ara d
040 _aGCL /
_cGCL
082 0 4 _a813.009
_bع ر
100 1 _aعبدالكبير الخطيبى
245 1 0 _aالرواية المغربية /
_cعبدالكبير الخطيبى
700 1 _aمحمد بن العابد الفاسى (تقديم)
700 1 _aمحمد براده
300 _a151 ص
490 _aالهيئة العامة للاستعلامات
_v0
650 0 4 _aالادب العربى - المغرب
650 0 4 _aالقصة المغربية
942 _2ddc
_cBK
999 _c47478
_d47478